00648 2200217 4500001002100000005001500021035002000036007000300056008004100059020002200100082001200122084001800134100003700152245007900189250000600268260003600274300004500310650002400355700003400379990001700413INLIS00000000000079920260518093529 a0010-0523000341ta260518 j 0 ind  a978-602-8798-55-6 a297.911 a297.911 HER m0 aHertanto Setia Darma (Pengarang)1 aMuhammad :bHijrah /cHertanto Setia Darma, dkk ;editor,Helmi Ghulam Faizi a- aJakarta :bPustaka Lebah,c2014 a40 :bilus. ;gambar berwarna ;c28 cme- 4aIslam - bacaan anak0 aHelmi Ghulam Faizi ( Editor ) a00006/R/2014